000
00323nam a22001457a 4500
003
SGT
020
_a
978938310066
082
_a
346.022,MYN
100
_a
MYNENI,S.R.
245
_a
CONTRACT-1(GENERAL PRINCIPLES)
260
_a
HYDERABAD
_b
ASIA LAW HOUSE
_c
2014
300
_a
616
650
_a
CONTRACT-1
942
_2
ddc
_c
BK
999
_c
10875
_d
10875